Учет неоднородности при геолого-гидродинамическом моделировании Приобского месторождения; Нефтяное хозяйство; № 5

מידע ביבליוגרפי
Parent link:Нефтяное хозяйство: научно-технический и производственный журнал.— , 1925-1940, 1946-.— 0028-2448
№ 5.— 2011.— [С. 50-54]
מחבר ראשי: Байков В. А. Виталий Анварович
מחבר תאגידי: Национальный исследовательский Томский политехнический университет Инженерная школа природных ресурсов Отделение нефтегазового дела
מחברים אחרים: Бочков А. С. Андрей Сергеевич, Яковлев А. А. Андрей Александрович
סיכום:Заглавие с экрана
Рассмотрен подход к геолого-гидродинамическому моделированию участков Приобского месторождения на основе спектрального представления физических полей. Рассмотрены вопросы учета геологической неоднородности для высокорасчлененных и низкопроницаемых коллекторов. Предложенный подход позволяет построить цикл геолого-гидродинамического моделирования, учесть внешнюю информацию при построении и корректировке геологической модели.
New approach to geological modeling and simulation on the base of spectral representation of physical fields is considered. The issues of geological heterogeneities involving into models of high-compartmentalized and low-permeable reservoirs are examined. The suggested approach allows to create the cycle of geological modeling and simulation and take into account external information under geological model construction and correction.
Режим доступа: по договору с организацией-держателем ресурса
שפה:רוסית
יצא לאור: 2011
נושאים:
גישה מקוונת:https://elibrary.ru/item.asp?id=16366997
http://oil-industry.net/Journal/archive_detail.php?ID=9296&art=190511
פורמט: אלקטרוני Book Chapter
KOHA link:https://koha.lib.tpu.ru/cgi-bin/koha/opac-detail.pl?biblionumber=661565

MARC

LEADER 00000nla2a2200000 4500
001 661565
005 20231101135202.0
035 |a (RuTPU)RU\TPU\network\32195 
090 |a 661565 
100 |a 20200114a2011 k y0rusy50 ca 
101 0 |a rus  |d eng 
102 |a RU 
135 |a drcn ---uucaa 
181 0 |a i  
182 0 |a b 
200 1 |a Учет неоднородности при геолого-гидродинамическом моделировании Приобского месторождения  |d Accounting of nonhomogeneity in Priobskoye field geological modeling and simulation  |f В. А. Байков, А. С. Бочков, А. А. Яковлев 
203 |a Текст  |c электронный 
300 |a Заглавие с экрана 
320 |a [Библиогр.: 8 назв.] 
330 |a Рассмотрен подход к геолого-гидродинамическому моделированию участков Приобского месторождения на основе спектрального представления физических полей. Рассмотрены вопросы учета геологической неоднородности для высокорасчлененных и низкопроницаемых коллекторов. Предложенный подход позволяет построить цикл геолого-гидродинамического моделирования, учесть внешнюю информацию при построении и корректировке геологической модели. 
330 |a New approach to geological modeling and simulation on the base of spectral representation of physical fields is considered. The issues of geological heterogeneities involving into models of high-compartmentalized and low-permeable reservoirs are examined. The suggested approach allows to create the cycle of geological modeling and simulation and take into account external information under geological model construction and correction. 
333 |a Режим доступа: по договору с организацией-держателем ресурса 
461 0 |0 (RuTPU)RU\TPU\prd\1638  |x 0028-2448  |t Нефтяное хозяйство  |o научно-технический и производственный журнал  |d 1925-1940, 1946- 
463 0 |0 (RuTPU)RU\TPU\prd\114262  |t № 5  |v [С. 50-54]  |d 2011 
510 1 |a Accounting of nonhomogeneity in Priobskoye field geological modeling and simulation  |z eng 
610 1 |a труды учёных ТПУ 
610 1 |a электронный ресурс 
610 1 |a геологическое моделирование 
610 1 |a гидродинамическое моделирование 
610 1 |a геостатистика 
610 1 |a спектральная теория 
610 1 |a анизотропия 
610 1 |a расчлененность 
610 1 |a проницаемость 
610 1 |a коэффициент сжимаемости 
700 1 |a Байков  |b В. А.  |g Виталий Анварович 
701 1 |a Бочков  |b А. С.  |g Андрей Сергеевич 
701 1 |a Яковлев  |b А. А.  |c специалист в области нефтегазового дела  |c первый проректор, доцент Томского политехнического университета, доктор физико-математических наук  |f 1981-  |g Андрей Александрович  |2 stltpush  |3 (RuTPU)RU\TPU\pers\45818 
712 0 2 |a Национальный исследовательский Томский политехнический университет  |b Инженерная школа природных ресурсов  |b Отделение нефтегазового дела  |h 8084  |2 stltpush  |3 (RuTPU)RU\TPU\col\23546 
801 2 |a RU  |b 63413507  |c 20211227  |g RCR 
856 4 0 |u https://elibrary.ru/item.asp?id=16366997 
856 4 0 |u http://oil-industry.net/Journal/archive_detail.php?ID=9296&art=190511 
942 |c CF